01735cam a22003615a 45000010009000000050017000090080041000260200048000670200018001150200015001330400043001480430021001910820027002121000024002392450083002632500012003462600050003583000036004084900053004445000024004975040031005215210323005526500045008756500037009206500050009576500050010076500038010576510046010956530040011419420027011819990017012089520148012251371903520151108175050.0040914s2005 nyub frb 001 0 eng d a0815630786 (hardcover (cloth) : alk. paper) a9780815630784 a0815630786 aDLCbengcDLCdDLCdEG-ScBUEdEG-ScBUE ama-----aa-jo---04a069.082095695bMAL2221 aMalt, Carol.93869210aWomen's voices in Middle East museums :bcase studies in Jordan /cCarol Malt. a1st ed. aSyracuse :bSyracuse University Press,c2005. axxxvii, 138 p. :bmap ;c24 cm.0 aGender, culture, and politics in the Middle East aIndex : p. 129-138. aBibliography : p. 119-128. aThis book begins with an historical overview of the women of Turkey, Syria, Lebanon, Jordan, Iraq, and the West Bank of Palestine and then focuses on the museums of Jordan and the women who work in them. Carol Malt interweaves a history of Islam and a discussion of the emerging public role of women in Muslim society. 0aMuseumszArab countriesxHistory.2BUEsh 0aMuseumszJordanxHistory.2BUEsh 0aWomenzArab countriesxHistory.2BUEsh936613 0aMuslim womenzArab countriesxHistory.2BUEsh 0aCivilization, Arab.2BUEsh920663 0aArab countriesxIntellectual life.2BUEsh bBUSBOLcSeptember2015cNovember2015 2ddck069.082095695 MAL c20844d20816 00102ddc40708BaccahaMAINbMAINcLOWd2015-09-06epurchaseg192.00h23317l0o069.082095695 MALp000030922r2025-07-15 00:00:00v240.00yBB